| 000 | 00704nam a2200205 a 4500 | ||
|---|---|---|---|
| 001 | 3900 | ||
| 005 | 20140414131932.0 | ||
| 008 | 970101s19uu xx 00 eng d | ||
| 020 | _a0-8094-4897-1 | ||
| 050 |
_aREF 745.5 _bC54 1989 |
||
| 245 |
_aThings to do / _ceditor C. E. Berry. |
||
| 260 |
_aHong Kong : _bTime-Life Books, _c1989. |
||
| 300 | _a87 p. ; cm. | ||
| 440 | _aA Child's first library of learning | ||
| 520 | _aInstructions for making such challenging projects as seashell mobiles, peanut puppets, paper airplanes, and vegetable animals, presented in a question and answer format. | ||
| 650 | _aHandicraft. | ||
| 650 | _aQuestions and answers. | ||
| 999 |
_c112240 _d112240 |
||